The two-minute drill : Lessons for rapid organizational improvement from America’s greatest game

Uthors Clinton Longenecker, Greg Papp, and Timothy Stansfield reveal that all too often business organizations are defeated while the clock is still ticking. Bogged down by sluggish business practices that stifle change, they are unable to pick up the pace when necessary to score and win. The Two-Mi...

全面介紹

Đã lưu trong:
書目詳細資料
主要作者: Longenecker, Clinton O.
格式: 圖書
語言:Undetermined
出版: San Francisco, CA Jossey-Bass 2007
主題:
標簽: 添加標簽
沒有標簽, 成為第一個標記此記錄!
Thư viện lưu trữ: Trung tâm Học liệu Trường Đại học Cần Thơ
LEADER 01379nam a2200217Ia 4500
001 CTU_165727
008 210402s9999 xx 000 0 und d
020 |c 27.95 
082 |a 658.406 
082 |b L852 
100 |a Longenecker, Clinton O. 
245 4 |a The two-minute drill : 
245 0 |b Lessons for rapid organizational improvement from America’s greatest game 
245 0 |c Clinton O. Longenecker, Greg R. Papp, Timothy C. Stansfied ; foreword by Marvin Lewis 
260 |a San Francisco, CA 
260 |b Jossey-Bass 
260 |c 2007 
520 |a Uthors Clinton Longenecker, Greg Papp, and Timothy Stansfield reveal that all too often business organizations are defeated while the clock is still ticking. Bogged down by sluggish business practices that stifle change, they are unable to pick up the pace when necessary to score and win. The Two-Minute Drill translates football’s lessons for business leaders who want to succeed in today’s competitive marketplace. The book clearly shows what it takes to accelerate change and improvement within any type of organization. 
650 |a Organizational change,Organizational effectiveness,Organizational behavior,Sự thay đổi tổ chức,Hiệu quả của tổ chức,Tổ chức hành vi 
904 |i Kim Lan, Dinh Thu 
980 |a Trung tâm Học liệu Trường Đại học Cần Thơ